000 01178aab a2200205 i 4500
001 768714001
003 CO-MdFUSB
005 20240422101421.0
008 240416t1983 ag ||||| |||| 00| 0 spa d
040 _bspa
_cCO-MdFUSB
041 _aspa
100 1 _aBreneman, Mervin (1930-)
_eautor
245 3 _aEl pacto con Abraham en perspectiva misionológica
_c/ Mervin Breneman
300 _aVolumen 2, número 1, (enero - marzo, 1983), páginas: 28 - 29
_c; 27 cm
520 _aEn el mundo del Antiguo Testamento, los pactos eran extremadamente importantes. Curiosamente, la relación entre Dios y su pueblo sigue el mismo patrón que estos acuerdos políticos. Hay muchas similitudes en la forma entre las representaciones del pacto con el pueblo de Dios, particularmente en Éxodo y Deuteronomio. Las revelaciones iniciales de la verdad bíblica probablemente transmitieron una comprensión clara del significado y la seriedad de la alianza de Dios y su pueblo.
650 0 _aBiblia
_bPentateuco
_931
653 _aPactos (Teología)
773 0 _tIglesia y Misión
_049402
_959626
_gVolumen 2, número 1, (enero - marzo, 1983), páginas: 28 - 29
_qpágina: 28
942 _cANA
999 _c51314
_d51314